000
00277nam a2200121Ia 4500
008
190216s9999||||xx |||||||||||||| ||und||
100
_a
Handa. A
245
0
_a
Computer Science Engineering
260
_b
Satya Prakasan
_c
2005
300
_a
1938
650
_a
Physics
942
_c
BK
999
_c
8846
_d
8846